[Event "Griesheim GM 3rd"]
[Site "Griesheim"]
[Date "2003.02.05"]
[Round "8"]
[White "Ruck, Robert"]
[Black "Prusikin, Michael"]
[Result "0-1"]
[WhiteElo "2583"]
[BlackElo "2509"]
[Annotator "Stohl,I"]
[PlyCount "66"]
[EventDate "2003.01.29"]
[EventType "tourn"]
[EventRounds "9"]
[EventCountry "GER"]
[EventCategory "11"]
[SourceTitle "CBM 094"]
[Source "ChessBase"]
[SourceDate "2003.05.26"]
[SourceVersion "1"]
[SourceVersionDate "2003.05.26"]
[SourceQuality "1"]

1. Nf3 c5 2. c4 Nf6 3. Nc3 e6 4. g3 b6 5. Bg2 Bb7 6. O-O Be7 7. Re1 d6 8. e4
Nbd7 9. d4 cxd4 10. Nxd4 Qc7 {A move-order designed to do without a6. Although
in principle Black needs this move for his Hedgehog setup, he will try to
postpone it for the time being and make some developing moves first.} 11. b3 (
11. Be3 Rc8 (11... Qxc4 $2 12. Rc1 $16) 12. Rc1 (12. f4 $5 Qb8 (12... O-O $5 {
is stronger according to Rogozenko.}) 13. Qe2 $5 {Here White can also do
without Rc1, a typical move in this line, but hardly too useful.} (13. b3 a6
14. Rc1 O-O 15. g4 Nc5 16. Bf2 Qa8 17. Qe2 g6 18. f5 exf5 (18... gxf5 $5 19.
gxf5 e5 20. Nc2 Kh8 $13) 19. gxf5 Rfe8 20. b4 Ncd7 21. Nd5 Bf8 {Johannessen,
L-Vuckovic,B/Bermuda/2002/} 22. Qd2 $14 {/~~}) 13... Qa8 14. Bf2 O-O 15. f5 e5
16. Nc2 g6 17. fxg6 (17. Bh3 $36) 17... hxg6 18. Bh3 Rcd8 19. b4 a6 20. Nd5
Nxd5 21. cxd5 Kg7 22. Ne3 Rh8 23. Bxd7 (23. Bg2 Rc8 24. Nc4 Qb8 25. Rec1 $13 {
1/2, Rogozenko,D-Wahls,M/BL 9900/1999/}) 23... Rxd7 24. Nc4 $16) 12... Qb8 13.
b3 (13. Qe2 Qa8 14. f4 (14. f3 O-O 15. b3 Rfe8 16. Bf2 Bf8 17. Qb2 a6 18. Qb1
Qb8 19. h3 d5 20. cxd5 exd5 21. Nxd5 Nxd5 22. Rxc8 Qxc8 23. exd5 Bxd5 24. Rxe8
Qxe8 25. f4 Bxg2 26. Kxg2 b5 $11 {Arsovic,G-Budnikov,A/Budapest/1991/}) 14...
O-O (14... Nxe4 $5) 15. Bf2 Rfe8 16. Rcd1 a6 17. Bf3 Nf8 18. h4 N6d7 19. h5 h6
20. a4 Rc7 21. Nc2 Rec8 22. Ne3 Nf6 23. Qc2 Rc5 24. Rd4 N8h7 25. Qd1 Bf8 $11 {
Gabriel,C-Zeller,F/BL2W 9900/2000/}) 13... Nc5 $5 (13... O-O 14. f4 Nc5 (14...
Rfe8 15. f5 exf5 $6 16. Nxf5 Bf8 17. Nd5 Bxd5 18. exd5 b5 {Nyback,T-Vuckovic,B/
Bermuda/2002/} 19. Nd4 $16) 15. Bf2 Qa8 16. Qe2 Rfe8 17. b4 Ncd7 18. b5 Bf8 19.
g4 g6 20. Nb3 d5 $5 21. cxd5 exd5 22. e5 Bb4 23. Bd4 Nc5 24. Red1 Ne6 $132 {
Vaganian,R-Zeller,F/BL 9495/1994/}) (13... Qa8 14. Ndb5 $36) 14. f4 $5 (14. f3
a6 (14... O-O 15. Bf2 Rfe8 16. g4 Nfd7 17. b4 Na6 18. Qb3 Ne5 19. Ncb5 d5 20.
cxd5 exd5 21. Rxc8 Rxc8 22. exd5 Bxb4 23. Rd1 $13 {Sofronie,I-Suba,M/ROM-chT
Eforie Nord/2000/}) 15. Bf2 O-O 16. f4 Qa8 17. Qe2 Rfe8 18. g4 g6 19. f5 $6
exf5 20. gxf5 Bf8 21. fxg6 hxg6 $17 {[%csl Re4] ><e4, Garcia Paolicchi,R-Marin,
M/Andorra/2002/}) 14... Ncxe4 15. Nxe4 Bxe4 16. Bxe4 Nxe4 17. f5 e5 18. Qg4 Qb7
19. Nb5 g6 20. Qf3 gxf5 21. Qxf5 a6 22. Nd4 Rg8 {Cacho Reigadas,S-Suba,M/
ESP-chT/2001/} 23. Nf3 $44 {|^}) 11... Rc8 12. Bb2 ({White could still have
transposed into the above note with} 12. Be3 $5 {-11.Be3}) 12... O-O 13. Rc1 {
With the B already on b2 it seems more promising to develop the Ra1 to d1,
Ruck has however a more sophisticated plan-the R aims for d2.} (13. Qe2 Rfe8
14. Rad1 a6 15. f4 Nf8 16. Kh1 N6d7 17. Qf2 Nc5 18. Re2 Bf6 19. b4 Ncd7 20.
Ndb5 axb5 21. Nxb5 Qc6 22. Nxd6 Bxb2 23. Rxb2 e5 24. Rbd2 Nf6 $13 {Ivacic,
V-Mazi,L/SLO-ch Maribor/1998/}) (13. h3 Qb8 14. Qe2 Qa8 15. Rad1 Rfd8 16. f4 g6
17. Kh2 Bf8 18. Rd2 d5 (18... a6 $14 {/<=>}) 19. e5 Ne4 20. Nxe4 dxe4 21. Nc2
Nc5 22. Red1 Nd3 23. Ba3 Rc7 24. Bxf8 Kxf8 25. Na3 $16 {Horvath,M-Maslik,M/
Bratislava op/1993/}) 13... Qb8 14. Rc2 $146 (14. Qd2 Rfd8 (14... Rfe8 $142 {
This is a better square for the R, if White plays f4 later on, it may play a
more active role after a possible e5.}) 15. h3 Qa8 16. Kh2 Bf8 17. f4 Nc5 18.
Qe3 {Bucka,R-Wachinger,G/Kitzingen/1980/} Re8 $13) 14... Rfe8 15. Rd2 a6 16. f4
Bf8 $13 {Black has already made all the typical Hedgehog moves and is ready to
meet White's active attempts.} 17. Bf3 {[%cal Re4e5] /\e5 More active tries
can easily backfire.} (17. g4 h6 $142 {[%cal Yg7g5] /\g5!?} (17... e5 18. Nf5
$1 $16 {[%cal Rg4g5] /\g5} (18. fxe5 Nxe5 (18... dxe5 19. Nf5 Bc5+ 20. Kh1 $14
{/\} g6 $2 21. Nh6+ Kg7 22. Rxd7 $1 Nxd7 23. Qxd7 Kxh6 24. Qxf7 $18) 19. g5
Nfd7 20. Nd5 $14)) 18. h4 e5 $5 $13) (17. e5 $6 Bxg2 18. exf6 Ba8 $36 {[%cal
Ga8h1] /^a8-h1}) 17... h6 18. h4 (18. e5 dxe5 19. fxe5 Nh7 {doesn't promise
White anything concrete and the Pe5 may become vulnerable, e.g.} 20. Bxb7 Qxb7
21. Qf3 (21. Nxe6 $4 fxe6 22. Rxd7 Bc5+ $19) 21... Qc7 $1 $132 (21... Qxf3 22.
Nxf3 $14 {_|_()})) (18. g4 e5 $1 $13 {/=/+}) 18... h5 $5 {Black could have
also made a waiting move like} (18... Ba8 {challenging White to declare his
intentions. Prusikhin decides to seek activity even at the cost of material.})
19. Bxh5 {Consistent, otherwise Black solidifies his >> with g6.} Nxh5 (19...
e5 20. fxe5 (20. Nc2 exf4 $11 (20... b5 $5 $132)) (20. Nf5 exf4 (20... g6 21.
Nxd6 Bxd6 22. Rxd6 gxh5 23. Rxd7 Nxd7 24. Qxd7 exf4 25. Nd5 $36) 21. gxf4 g6
22. Nxd6 Bxd6 23. Rxd6 gxh5 24. Rxd7 Nxd7 25. Qxd7 Qxf4 $1 $15) 20... dxe5 21.
Nc2 $14) 20. Qxh5 Nf6 21. Qd1 (21. Qf3 b5 $44 (21... Nxe4 22. Nxe4 f5 23. Nf6+
$1 gxf6 24. Qh5 $40)) 21... b5 $5 {Pours more oil on the fire.} ({More sedate
was} 21... e5 22. fxe5 Rxe5 $44 {<=>}) 22. Nd5 $2 {A nervous reaction, the
piece sacrifice is not fully correct. White should have rather accepted
Black's sacrifice himself with} (22. cxb5 e5 (22... Rxc3 23. Bxc3 Nxe4 24. bxa6
Nxc3 25. Qc2 $16) (22... axb5 23. Ndxb5 $14) 23. Nc6 (23. fxe5 dxe5 24. Nc6
Bxc6 25. bxc6 Bb4 $44) 23... Qa8 $13) 22... exd5 23. Nf5 (23. exd5 Rxe1+ 24.
Qxe1 bxc4 $19) 23... d4 $1 (23... Nxe4 24. Nh6+ $5 (24. Bxg7 Nxg3 $1 $19) (24.
Qg4 g6 $19) 24... Kh7 (24... gxh6 25. Rxe4 $13) 25. Nxf7 {would give White
some potentially dangerous tactical chances, Black's decision is more
practical.}) 24. Bxd4 Re6 $19 {[%csl Re4] ><e4 Now e4 is falling and White's
attack is over.} 25. e5 dxe5 26. Bxe5 (26. fxe5 Nd7 (26... Ne4 27. Rde2 g6 $19)
27. Qg4 Rg6 $19) 26... Qa7+ 27. Kh2 (27. Bd4 Qa8 $19 (27... Bc5 $2 28. Rxe6
fxe6 29. Ne7+ $13)) 27... Rd8 $1 28. Bxf6 (28. Bd4 Rxd4 $1 29. Nxd4 (29. Rxd4
Rxe1 30. Qxe1 Bc8 $19) 29... Rxe1 30. Qxe1 Bb4 $19) (28. Rxd8 $2 Qf2+ 29. Kh3
Qg2#) 28... Rxd2+ 29. Qxd2 Rxf6 30. Re8 Re6 (30... Rxf5 $6 31. Rxf8+ Kh7 (31...
Kxf8 $4 32. Qd8#) 32. g4 $132) 31. Rxf8+ (31. Rxe6 fxe6 $19) (31. Nxg7 Kxg7 32.
Rxe6 fxe6 33. Qd7+ Kh8 $19) 31... Kxf8 32. Qd8+ Re8 33. Qg5 Qf2+ (33... Qf2+
34. Kh3 Bg2+ 35. Kh2 (35. Kg4 Qf3#) 35... Bf3+ 36. Kh3 Qg2#) 0-1

[Event "Donetzk zt"]
[Site "Donetsk"]
[Date "1998.11.09"]
[Round "7"]
[White "Komarov, Dimitri"]
[Black "Kopylov, Michael"]
[Result "1-0"]
[WhiteElo "2570"]
[BlackElo "2385"]
[Annotator "Stohl,I"]
[PlyCount "123"]
[EventDate "1998.11.02"]
[EventType "swiss"]
[EventRounds "11"]
[EventCountry "UKR"]
[SourceTitle "CBM 068"]
[Source "ChessBase"]
[SourceDate "1999.02.01"]
[SourceVersion "1"]
[SourceVersionDate "1999.02.01"]
[SourceQuality "1"]

1. Nf3 Nf6 2. c4 c5 3. Nc3 e6 4. g3 b6 5. Bg2 Bb7 6. O-O Be7 7. Re1 d6 8. e4
Nbd7 {Maybe it's not a good idea to commit the N to d7 too early. A more
flexible move order is} (8... a6 $5 9. d4 cxd4 10. Nxd4 Qc7 11. f4 O-O 12. Be3
Nc6 $5 13. Rc1 Nxd4 14. Bxd4 Rac8 15. b3 Rfe8 16. a4 Nd7 17. Rc2 Bf8 18. Rd2 {
Kramnik,V-Leko,P/Tilburg/1997/} Nc5 $132) 9. d4 cxd4 10. Nxd4 Qc7 11. Be3 a6
12. f4 Rc8 13. Bf2 $5 {[%cal Ye4e5] A relatively fresh approach. White wants
to gain space by the central thrust e4-e5 and he forgoes the more usual plans,
connected with a >> pawn storm. (f4-f5,g4-g5)} O-O ({Very risky is the "wing
strategy" with} 13... h5 $6 {׻} 14. h3 (14. e5 $2 dxe5 15. fxe5 Ng4 $17) 14...
g6 15. Rc1 (15. e5 $5 dxe5 16. fxe5 Nh7 17. Nd5 $5 $44 {->עe8}) 15... Qb8 16.
Qe2 Qa8 17. b4 O-O 18. g4 hxg4 19. hxg4 e5 20. Nd5 Bd8 21. g5 Nh5 22. Qg4 Bxd5
23. cxd5 Rxc1 24. Rxc1 Qb7 25. Nf5 $1 $16 {Glek,I-Ftacnik,L/BL9394/1994/}) 14.
Rc1 ({Dubious is Glek's original recommendation} 14. f5 $6 e5 15. Nd5 Qd8 $1
16. Nb3 Rxc4 17. Nd2 Rc8 18. Nxe7+ Qxe7 19. g4 d5 20. g5 Nxe4 21. Nxe4 dxe4 22.
f6 gxf6 23. gxf6 Nxf6 24. Bh4 Qe6 25. Qd2 Nd5 26. Bxe4 f5 27. Bg2 Rf7 28. Rad1
e4 $19 {Thompson,I-Shipov,S/Groningen/1994/}) ({But already possible is} 14. e5
$5 Ne8 15. Bxb7 Qxb7 16. Qe2 {(),פe8}) 14... Qb8 {This move doesn't solve
black's opening problems, so it's time to look for alternatives.} ({
Enterprising, although probably not fully correct is the piece sacrifice} 14...
Rfe8 $5 15. e5 Bxg2 16. exf6 Ba8 $8 17. fxe7 Qb7 18. Kf1 Qg2+ 19. Ke2 e5 20.
Rg1 Qh3 21. Nf3 Rxe7 22. Nd5 Ree8 23. Kd2 b5 24. b3 bxc4 25. bxc4 Bxd5 26. cxd5
Nf6 $44 {Popov,V-Shipov,S/Cherepovets/1997/}) (14... Rfd8 $5 15. g4 Nf8 16. g5
$13 {1/2,Schebler,G-Akesson,R/Leuven/1998/}) 15. e5 (15. Qe2 Rc7 16. e5 dxe5
17. fxe5 Ne8 18. Bxb7 Qxb7 19. Nf3 Qc8 20. Ne4 b5 21. b3 Nc5 22. Kg2 Qa8 23.
Rc2 f5 24. exf6 Nxf6 25. Nxf6+ Rxf6 26. cxb5 axb5 27. Bxc5 Rxc5 28. Rxc5 Bxc5
29. Rf1 Qc6 $132 {San Segundo,P-Reinaldo Castineira,R/Mondariz/ 1997/}) 15...
Ne8 $8 (15... Bxg2 $2 16. exf6 $18) (15... dxe5 16. fxe5 Ne8 17. Nxe6 $1 $18)
16. Ne4 $5 $146 {A sympathetic novelty, White centralizes another piece. The
drawback is White will have to let the Ne8 out of the cage.} (16. Bh3 {[%cal
Rd4e6]} Rd8 17. Qe2 dxe5 18. fxe5 Ba8 19. Bg4 g6 20. Nf3 Bxf3 $2 21. Bxf3 Ng7
22. Rcd1 Qc7 23. g4 $36 {(),Istrate,B-Halkias,S/Zagan/1995/}) (16. Qe2 Bxg2 17.
Kxg2 Qb7+ 18. Nf3 dxe5 19. fxe5 Nc7 20. Red1 Rfd8 21. Qe4 $1 Qb8 22. Nd4 Ne8
23. Nc6 Rxc6 24. Qxc6 Nxe5 25. Rxd8 Qxd8 26. Qe4 Qc7 {Schlosser,P-Leko,P/
Cienfuegos/1997/} 27. b3 $5 $16) 16... Nc5 (16... dxe5 $2 17. Nxe6 fxe6 18.
Qxd7 $16) (16... Bxe4 $6 17. Bxe4 {/\} dxe5 18. Nc6 Qd6 19. fxe5 $1 Nxe5 (19...
Qxd1 20. Nxe7+ $18) 20. Nxe5 Qxe5 21. Bxh7+ $18) (16... d5 $5 17. cxd5 Bxd5 (
17... Rxc1 18. Qxc1 Bxd5 19. Nc6 $16) 18. Qe2 $36 {[+]} (18. Nf5 Bb4 $1 $13))
17. exd6 (17. Nxc5 $6 dxc5 $11) 17... Nxd6 (17... Bxd6 18. Nxd6 Nxd6 19. Bxb7
Ncxb7 20. b3 $14) 18. Nxd6 Bxd6 (18... Qxd6 19. Bxb7 (19. b4 Bxg2 20. bxc5 bxc5
21. Nxe6 Qc6 22. Nxf8 Bh1 $1 $44) 19... Nxb7 20. Qf3 $36) 19. b4 Bxg2 20. Kxg2
Qa8+ (20... Nd7 $142 21. a3 $14 {/\Qf3}) 21. Nf3 $1 Nb7 $8 (21... Ne4 $2 22.
Rxe4 Qxe4 23. Qxd6 $18) 22. Qb3 a5 23. a3 $36 {><b6,Nb7} Bc7 24. c5 $1 a4 $2 {
><a4} (24... axb4 $2 25. cxb6 $18) (24... bxc5 $5 25. bxc5 {[%csl Gc5] o^c} (
25. b5 $5 $44) 25... Nd8 26. Qd3 (26. Kg1 $5 $14) 26... Nc6 27. Qe4 $14) 25.
Qb1 bxc5 26. bxc5 Na5 27. Qe4 $1 {_|_} Qxe4 (27... Nb3 28. Rc4 $16) (27... Nc6
28. Rc4 $16) 28. Rxe4 Nb3 (28... Nc6 $5 29. Rxa4 Ra8 30. Rxa8 Rxa8 31. Rc3 $16)
29. Rcc4 (29. Rc2 $1 {leads to the position from the game.}) 29... Bb8 30. Rc2
Bd6 (30... Ba7 31. Rxa4 Bxc5 32. Rac4 $18) 31. Rxa4 Nxc5 (31... Bxc5 $143 32.
Rac4 $18) 32. Rac4 Rc7 33. Bxc5 Rfc8 34. Bxd6 Rxc4 35. Rxc4 Rxc4 36. Kf2 $18 {
o^a} Rc2+ 37. Ke3 f6 38. Nd2 Kf7 39. Kd3 Ra2 40. Bb4 e5 41. f5 $1 {Keeps
Black's K cut off.} g6 42. g4 Kg7 43. Ke4 h5 44. gxh5 gxh5 45. h4 Ra1 46. Kd5 {
/\Kc6-b5,a4} Kf7 (46... Rh1 47. a4 Rxh4 48. Ne4 $18 {o^a}) 47. Ne4 Rd1+ 48. Bd2
{White has already more ways to win the game.} (48. Kc5 $5 Ra1 (48... Rd4 49.
Nd6+ {/\a4}) 49. Kb5 $18) 48... Ra1 49. Nd6+ Ke7 50. Nc4 Rh1 (50... Ra2 51.
Bb4+ Kf7 (51... Kd7 52. a4 $1 $18) 52. Nd6+ Kg7 53. Kc4 $18) 51. Bb4+ Kd7 (
51... Kf7 52. a4) 52. Nd2 $1 {><f6} Rh3 (52... Rxh4 53. Ne4 Rh3 54. Nxf6+ Kd8
55. Ke6 $1 {o^f}) 53. Ne4 Rd3+ 54. Kc5 Rd4 55. Nxf6+ Ke7 56. Nxh5 Kf7 (56...
Rxh4 57. Kd5+ Kf7 58. Ng3 Kf6 59. Bc3 $18) 57. Ng3 Kf6 58. a4 Rg4 59. Nf1 Rxh4
60. Ne3 Rd4 61. a5 Rd3 62. a6 $1 (62. a6 Rxe3 63. a7 $18) 1-0

[Event "EU-Cup 09th Group6"]
[Site "Clichy"]
[Date "1993.09.18"]
[Round "2"]
[White "Chernin, Alexander"]
[Black "Huebner, Robert"]
[Result "1-0"]
[WhiteElo "2615"]
[BlackElo "2605"]
[Annotator "Stohl,I"]
[PlyCount "55"]
[EventDate "1993.09.17"]
[EventType "team-k.o."]
[EventRounds "3"]
[EventCountry "FRA"]
[SourceTitle "EXT 2020"]
[Source "ChessBase"]
[SourceDate "2019.10.17"]
[SourceVersion "1"]
[SourceVersionDate "2019.10.17"]
[SourceQuality "1"]
[WhiteTeam "Graz Merkur Versicherung"]
[BlackTeam "Muenchen Bayern"]
[WhiteTeamCountry "AUT"]
[BlackTeamCountry "GER"]

1. c4 c5 2. Nf3 Nf6 3. Nc3 e6 4. g3 b6 5. Bg2 Bb7 6. O-O Be7 (6... d6 7. d4
cxd4 8. Qxd4 a6 9. b3 Nbd7 10. Bb2 Be7 11. Rad1 O-O 12. e4 b5 $5 13. cxb5 axb5
14. Rfe1 e5 15. Qb4 Bc6 16. Nd5 Bxd5 17. exd5 Rxa2 18. Rd2 Qa5 19. Qxa5 Rxa5
20. Nd4 $1 $13 {Lentrodt,T-Hoffman,M/Munich/1993/}) 7. d4 cxd4 8. Qxd4 d6 9.
Rd1 a6 10. b3 Nbd7 11. Bb2 O-O 12. e4 Qc7 13. Qe3 Rfe8 14. Nd4 Rac8 (14... Bf8
15. Rac1 Rad8 $5 16. Re1 (16. h3 Qb8 17. Re1 g6 18. Rcd1 Ba8 19. Qd2 Bg7 20.
Qc2 Rc8 21. Qb1 Bb7 22. Re2 Rcd8 23. Red2 Qa8 24. Re2 Nc5 25. Rde1 Nfd7 $132 {
Polugaevsky,L-Williams,AH/Buenos Aires olm/1978/}) 16... Qb8 17. Qd2 (17. Qe2
g6 18. Rcd1 Bg7 19. Qc2 Nc5 20. Kh1 Qa8 21. f3 Qb8 22. Qf2 Ba8 23. Ba1 {
0,5/Karpov,A-Ribli,Z/Linares/1981/}) 17... Nc5 18. Re2 Ba8 19. Rce1 g6 20. Qc2
Bg7 21. Rd1 Bb7 22. Qb1 Qa8 23. Rde1 Rc8 24. h3 Red8 $10 {Liberzon,V-Adorjan,A/
Baden/1980/}) (14... d5 $6 15. cxd5 exd5 16. Nxd5 Nxd5 17. exd5 Ba3 18. Qd2 $16
) 15. h3 (15. Rac1 Bf8 16. h3 (16. Qd2 Nc5 17. Re1 Qb8 18. Re2 g6 19. Nc2 Bg7
20. Na3 Red8 21. Rd1 {/\b4} Bc6 22. h3 Ne8 23. Ree1 b5 24. b4 Nd7 25. cxb5 axb5
26. Qe2 Nb6 $1 27. Ba1 Nc4 28. Nxc4 bxc4 29. a3 Qa8 $13 {Cseshkovsky,
V-Dolmatov,S/URS-ch Minsk/1979/}) 16... Qb8 17. Re1 g6 (17... Nc5 18. f3 $6 g6
19. Kh2 Bg7 20. Rcd1 Nh5 21. Re2 Rcd8 22. Nc2 f5 23. Na4 f4 $36 {Smyslov,
V-Sunye Neto,J/Manila izt/1990/}) 18. Rcd1 Bg7 19. f4 $6 e5 20. fxe5 Nxe5 21.
Rf1 Bc6 22. a4 Ba8 23. Rf2 Nfd7 24. Rdf1 Nc5 $36 {/\Nb3,Plaskett,J-Adams,M/
BCF-ch/1989/}) 15... Bf8 16. Qd2 (16. f4 $6 e5 $132 {><e4}) 16... Qb8 17. Re1
Qa8 18. Re3 (18. Re2 Nc5 19. Rae1 Rcd8 $13) 18... g6 {/\Bh6} 19. Qe1 Bg7 20.
Rd1 Nc5 21. Ba1 Red8 (21... Rcd8 $142 $5 22. Nc2 $13 (22. b4 $6 Ncd7 23. Nb3
Ne5 {><c4})) 22. Re2 h5 (22... d5 $6 23. cxd5 exd5 24. e5 (24. exd5 Nxd5 25.
Nxd5 Bxd5 26. Bxd5 Qxd5 $36) 24... Nfe4 25. f3 $1 Nxc3 26. Bxc3 $14 {/\b4,
f4-f5|^}) (22... Re8 $5 {/\Rcd8}) 23. Nc2 $14 d5 $2 (23... Qb8 $14) (23... b5
24. b4 $1 Na4 25. Nxa4 bxa4 26. Na3 $16) 24. exd5 (24. cxd5 exd5 25. e5 (25.
exd5 $1 {-24.ed5}) 25... Nfe4 26. f3 Nxc3 27. Bxc3 $14) 24... exd5 25. cxd5
Nxd5 (25... Bxd5 $2 26. Nxd5 Nxd5 27. Bxg7 Kxg7 28. Nb4 $18) (25... b5 26. Nb4
$16 {/\Nc6}) 26. Nxd5 Bxd5 (26... Bxa1 27. Ne7+ $18) 27. Rxd5 $1 Rxd5 28. Nb4 (
28. Nb4 Bxa1 29. Nxd5 {/\Qa1,Ne7}) 1-0

[Event "Women-Veterans"]
[Site "Aruba"]
[Date "1992.??.??"]
[Round "4"]
[White "Polugaevsky, Lev"]
[Black "Cramling, Pia"]
[Result "1-0"]
[WhiteElo "2640"]
[BlackElo "2530"]
[Annotator "Stohl,I"]
[PlyCount "45"]
[EventDate "1992.08.??"]
[EventType "schev"]
[EventRounds "6"]
[EventCountry "NAU"]
[SourceTitle "CBM 033"]
[Source "ChessBase"]
[SourceDate "1993.04.01"]
[SourceVersion "1"]
[SourceVersionDate "1993.04.01"]
[SourceQuality "1"]

1. Nf3 c5 2. c4 Nc6 3. d4 cxd4 4. Nxd4 e6 5. Nc3 (5. g3 Qb6 (5... Bb4+ 6. Bd2
Qb6 7. Nb3 Ne5 8. Qc2 d6 9. Bg2 Bd7 $1 10. Bxb4 Qxb4+ 11. Qd2 Qxd2+ 12. N1xd2
Bc6 13. Bxc6+ bxc6 14. c5 d5 15. Na5 Ne7 16. b4 Kd7 17. f4 N5g6 18. e4 h5 $132
{Tiller,B-Wedberg,T,Randers zt 1982}) 6. Nb3 Bb4+ (6... Ne5 7. N1d2 (7. e4 $6
a5 8. Qe2 a4 9. N3d2 Bc5 10. f4 Nc6 11. Nc3 Nd4 12. Qd3 d6 13. Nf3 Nf6 14. Bg2
O-O 15. Nxd4 Bxd4 16. Bf3 Bd7 17. Kf1 d5 $1 $40 {Tiller,B-Wedberg,T,Esbjerg
1983}) 7... a5 8. e3 Nf6 9. Be2 d5 10. O-O a4 11. Nd4 Bc5 12. cxd5 exd5 13.
Bb5+ Bd7 14. Bxd7+ Nfxd7 15. N2f3 O-O $10 {Serper,G-Wedberg,G,Vienna op
1991-EXP 25}) 7. Nc3 Ne5 8. e4 Qc6 (8... Nf6 9. Qe2 $13 {-A33}) 9. Qe2 b5 $1
10. Nd4 Qxc4 11. Ndxb5 Qc6 12. Bf4 Ng6 $1 13. Bd2 (13. Nc7+ $2 Kd8 $19) 13...
a6 14. Nd4 Qb6 15. Qe3 Nf6 16. Be2 Bb7 17. f3 d5 18. e5 Nd7 $17 {/\Bc5,
Engqvist,T-Schneider,LA,ch-SE Borlange 1992-TD 92_05}) (5. Nb5 $5 a6 (5... Nf6
$142 6. N1c3 d5 {-A33}) 6. Nd6+ Bxd6 7. Qxd6 Nge7 8. Nc3 O-O 9. e3 Qa5 10. Be2
(10. Bd2 $5 $36) 10... Rb8 11. O-O b5 12. c5 Bb7 13. Bd2 b4 14. Ne4 Nf5 15. Qf4
Nce7 $1 16. Bxb4 Qd8 17. Nc3 Ng6 18. Qc4 Ne5 19. Qf4 Ng6 $10 {Kristiansen,
J-Schussler,H,Copenhagen AS04 1988}) 5... Bb4 6. Ndb5 a6 (6... Nf6 $142 7. Bf4
O-O 8. Bd6 $14 {-A33}) 7. Nd6+ Ke7 8. Bf4 $1 {N} (8. Nxc8+ Rxc8 9. Bd2 Nf6 10.
e3 d5 11. cxd5 Nxd5 12. Be2 Nxc3 13. bxc3 Bd6 14. Rb1 Qc7 15. Qa4 h6 16. Bf3
Rhd8 17. Bxc6 Qxc6 18. Qxc6 bxc6 19. Ke2 {1/2:1/2,Bagirov,V-Lerner,K,Helsinki
op 1992-CBM 32}) 8... Nf6 (8... e5 9. Bg5+ Nf6 (9... f6 $6 10. Nxc8+ Rxc8 11.
Bd2 Bxc3 12. Bxc3 $16 {^^}) 10. Nde4 $1 $36 (10. Nxc8+ Rxc8 11. Qd2 Qa5 $132))
9. a3 $16 Bxc3+ $8 10. bxc3 Qa5 (10... Nh5 11. Bg5+ f6 12. Be3 Qa5 13. Qd2 $16
{/\g4+-}) 11. Qd2 Qc5 (11... Rd8 12. e4 $16) 12. Rd1 {/\Nc8,Bd6+-} Ne5 13. e3
Rd8 (13... Ng6 14. Nxb7 $1 Bxb7 15. Bd6+ $18) 14. Be2 b5 $2 (14... Ne8 $8 15.
Nxe8 Rxe8 $8 (15... Kxe8 16. Qd4 Qxd4 17. cxd4 {/\Bc7+-}) 16. Qd4 Qxd4 17. cxd4
$16 {_|_^^[+]}) 15. cxb5 axb5 16. Nxb5 $18 Ne8 17. O-O Ba6 (17... Bb7 18. Rb1
$18) 18. a4 Bb7 19. Ra1 f6 20. Qd4 Rdc8 (20... Qxd4 21. cxd4 Ng6 22. Bg3 $18 {
_|_}) 21. Rfb1 Qc6 $6 (21... Qxd4 $142 22. cxd4 Nc4 23. Rb4 $18 (23. Nc7 $6
Nxc7 24. Rxb7 Nd5 25. Bg3 Nc3 $132)) 22. f3 d6 23. Na7 {[Stohl]} 1-0